<?xml version="1.0" encoding="UTF-8"?>
<marc:record xmlns:marc="http://www.loc.gov/MARC21/slim">
   <marc:leader>00000nam a2200000 a 4500</marc:leader>
   <marc:datafield ind1="1" ind2=" " tag="100">
      <marc:subfield code="a">Bühring, Ursel</marc:subfield>
      <marc:subfield code="4">aut</marc:subfield>
      <marc:subfield code="e">Verfasser/-in</marc:subfield>
   </marc:datafield>
   <marc:datafield ind1=" " ind2=" " tag="653">
      <marc:subfield code="a">Heilpflanzen</marc:subfield>
   </marc:datafield>
   <marc:datafield ind1=" " ind2=" " tag="653">
      <marc:subfield code="a">Häusliche Arbeiten</marc:subfield>
   </marc:datafield>
   <marc:datafield ind1=" " ind2=" " tag="653">
      <marc:subfield code="a">Softcover / Reiseführer</marc:subfield>
   </marc:datafield>
   <marc:datafield ind1=" " ind2=" " tag="653">
      <marc:subfield code="a">Ratgeber</marc:subfield>
   </marc:datafield>
   <marc:datafield ind1="0" ind2="0" tag="245">
      <marc:subfield code="a">Kuren für Körper und Seele</marc:subfield>
   </marc:datafield>
   <marc:datafield ind1="0" ind2="0" tag="245">
      <marc:subfield code="b">Organe pflegen mit Heilpflanzen</marc:subfield>
   </marc:datafield>
   <marc:datafield ind1="0" ind2="0" tag="245">
      <marc:subfield code="c">Ursel Bühring</marc:subfield>
   </marc:datafield>
   <marc:datafield ind1=" " ind2="1" tag="264">
      <marc:subfield code="a">Stuttgart</marc:subfield>
      <marc:subfield code="b">Ulmer</marc:subfield>
      <marc:subfield code="c">2012</marc:subfield>
   </marc:datafield>
   <marc:datafield ind1="1" ind2=" " tag="520">
      <marc:subfield code="a">Angaben aus der Verlagsmeldung

Kuren für Körper und Seele : Organe pflegen mit Heilpflanzen / von Ursel Bühring

Jung und gesund bleiben mit Heilpflanzen
• Neues, einzigartiges Anti-Aging-Konzept von Ursel Bühring
• Monat für Monat ein Organ unkompliziert auf Vordermann bringen
• Mit Tipps zum Sammeln und Zubereiten der Heilpflanzen
So wie Sie Ihr Auto regelmäßig in die Inspektion bringen oder im Frühjahr Großputz machen, können Sie auch Ihr Inneres pflegen und auf Vordermann bringen. Am wirkungsvollsten ist es, wenn Sie sich regelmäßig im Jahr auf einen Bereich Ihres Körpers konzentrieren, sich also kurweise mit einer bestimmten Heilpflanze um Leber, Herz, Nerven und Co. kümmern.
Dieses Buch zeigt verschiedene Wege dazu auf und Sie können wählen, was am besten zu Ihnen passt. Denn Vorbeugen muss einfach sein und nebenher gehen.
</marc:subfield>
   </marc:datafield>
   <marc:datafield ind1=" " ind2=" " tag="020">
      <marc:subfield code="a">9783800176724</marc:subfield>
      <marc:subfield code="9">9783800176724</marc:subfield>
   </marc:datafield>
   <marc:datafield ind1=" " ind2=" " tag="020">
      <marc:subfield code="a">3800176726</marc:subfield>
      <marc:subfield code="9">3800176726</marc:subfield>
   </marc:datafield>
   <marc:datafield ind1=" " ind2=" " tag="300">
      <marc:subfield code="a">190 S.</marc:subfield>
   </marc:datafield>
</marc:record>
